00362nam a2200133 a 450008200150000010000250001524500500004026000340009030000090012450000350013350500100016865000250017870000250020300a200.18 WAA aWaardenburg, Jacques aClassical Approaches to the Study of Religion aHaguebMouton Publisherc1973 a742p aincludes index and biblioraphy2 aIndex aMethodology-Religion1 aWaardenburg, Jacques